| 000 | 00460nam a2200121Ia 4500 | ||
|---|---|---|---|
| 008 | 220620s9999||||xx |||||||||||||| ||und|| | ||
| 100 | _aDavid Rodr´ıguez-Rodr´ıguez (Ed.)||Javier Mart´ınez-Vega (Ed.) | ||
| 245 | 0 | _aSustainable Territorial Management | |
| 546 | _aEnglish[eng] | ||
| 650 | _asustainable development||land use-land cover||biodiversity||territorial planning | ||
| 856 | _uhttp://www.mdpi.com/books/pdfview/book/760 | ||
| 942 | _cEB | ||
| 999 |
_c31789 _d31789 |
||